000 00564nam a2200193Ia 4500
008 151121s9999||||xx |||||||||||||| ||und||
082 _a813/कदम
082 _bHNW-115060
100 _aकदम बाबा
245 _aबलिदान
260 _b"दिलीपराज प्रकाशन प्रा। लि।, पुणे।"
260 _c2011
300 _a234
600 _aकदम बाबा
630 _aबलिदान
700 _aकदम बाबा
730 _aबलिदान
942 _cBOOK
999 _c1263848
_d1263845